Szczegóły MARC21

Rynek papierów wartościowych w Polsce /

005 -DATA I CZAS OSTATNIEJ MODYFIKACJI [,]
    • @
    • pole kontrolne
    • 20070315155141.9
020 -Międzynarod. znormalizowany nr książki - ISBN [ , ]
    • a
    • Numer ISBN
    • 8387967653 Find
    • z
    • Błędny ISBN (P)
    • 8387970077 Find
040 -Instytucja sporządzająca opis [ , ]
    • a
    • Instytucja, która sporządziła opis (NP)
    • SZCZ U
    • c
    • Instytucja, która sporządziła rekord (NP)
    • SZCZ U
041 -Język dokumentu [0, ]
    • a
    • Język tekstu (P)
    • polski
    • h
    • Język tekstu oryginalnego i/lub pośredniego (P)
    • polski
942 -Rodzaj dokumentu [ , ]
    • c
    • Rodzaj dokumentu
    • Książka
100 -Hasło główne - nazwa osobowa [ , ]
    • a
    • Nazwa osobowa (NP)
    • SOCHA, JACEK
245 -Strefa tytułu i oznaczenia odpowiedzialności [1, ]
    • a
    • Tytuł
    • Rynek papierów wartościowych w Polsce / Find
    • c
    • Pozostałe elementy strefy tytułu i oznaczenia odpowiedzialności (NP)
    • Jacek Socha.
260 -Strefa adresu wydawniczego [ , ]
    • a
    • Miejsce wydania (P)
    • Warszawa :
    • b
    • Nazwa wydawcy (P)
    • "Olympus",
    • c
    • Data wydania (P)
    • 2003.
300 -Strefa opisu fizycznego [ , ]
    • a
    • Określenie formy książki i/lub objętość (NP)
    • 552 s. :
    • b
    • Oznaczenie ilustracji (NP)
    • wykr. :
    • c
    • Format (NP)
    • 25 cm +
    • e
    • Oznaczenie dokumentu towarzyszącego (NP)
    • CD-ROM.
500 -Uwaga ogólna [ , ]
    • a
    • Uwaga ogólna (NP)
    • Bibliogr
080 -Uniwersalna Klasyfikacja Dziesiętna [ , ]
    • a
    • Symbol klasyfikacji
    • 336.76
    • 9
    • UKD
    • 3192
    • 2
    • Identyfikator wydania tablic
    • UDC-P058
    • b
    • Dopowiedzenie
    • Giełda papierów wartościowych. Rynek pieniężny. Rynek kapitałowy. Rynek finansowy.
980 -Symbol UKD [ , ]
    • a
    • UKD
    • 336.76
920 -ISBN [ , ]
    • a
    • ISBN
    • 83-87967-65-3 Find
    • z
    • Błędny ISBN
    • 83-87970-07-7 Find
Status udost. Numer inwentarzowy Sygnatura Data inwentaryzacji Obwoluta Lokalizacja
-2GW.59273362016-02-171GW
-2T.7393T.73932003-05-19 T
-3TM.1445 2003-05-19 T
-3TM.1446 2003-05-19 T
-3TM.1447 2003-05-19 T
-3TM.1448 2003-05-19 T
-3TM.1449 2003-05-19 T
-3TM.1450 2003-05-19 T
-3TM.1967 2004-01-08 T
-3TM.1969 2004-01-08 T
-6TM.1968 2004-01-08 T